It looks like you're offline.
Open Library logo
additional options menu

MARC Record from Scriblio

Record ID marc_records_scriblio_net/part23.dat:119276196:810
Source Scriblio
Download Link /show-records/marc_records_scriblio_net/part23.dat:119276196:810?format=raw

LEADER: 00810pam 2200253 a 4500
001 93031369
003 DLC
005 19940215160907.8
008 930727s1993 ja a b 001 0 eng c
010 $a 93031369
020 $a4431701273 (Tokyo : alk. paper)
020 $a0387701273 (New York : alk. paper)
020 $a3540701273 (Berlin : alk. paper)
040 $aDNLM/DLC$cDLC$dDLC
050 00 $aRC280.S8$bG373 1993
060 00 $aWI 320 G2555 1993
082 00 $a616.99/433$220
245 00 $aGastric cancer /$cM. Nishi ... [et al.] (eds.).
260 $aTokyo ;$aNew York :$bSpringer-Verlag,$cc1993.
300 $aix, 446 p. :$bill. (some col.) ;$c25 cm.
504 $aIncludes bibliographical references and index.
650 0 $aStomach$xCancer.
650 2 $aStomach Neoplasms.
700 10 $aNishi, Mitsumasa.